| 000 | 01573pam a22003974a 4500 | ||
|---|---|---|---|
| 001 | 6105935 | ||
| 003 | ARRUPE | ||
| 005 | 20150319020004.0 | ||
| 008 | 060210s2007 enk b 001 0 eng | ||
| 010 | _a 2006004748 | ||
| 015 |
_aGBA628155 _2bnb |
||
| 020 | _a1405120835 (hardback : alk. paper) | ||
| 020 | _a1405120843 (pbk. : alk. paper) | ||
| 020 | _a9781405120838 (hardback : alk. paper) | ||
| 020 | _a9781405120845 (pbk. : alk. paper) | ||
| 024 | 3 | _a9781405120838 | |
| 024 | 3 | _a9781405120845 | |
| 035 | _a(OCoLC)OCM64098440 | ||
| 035 | _a(NNC)6105935 | ||
| 040 |
_aDLC _cDLC _dBAKER _dBTCTA _dUKM _dNLGGC _dC#P _dNNC |
||
| 042 | _apcc | ||
| 050 | 0 | 0 |
_aBX1751.3 _b.K47 2007 |
| 082 | 0 | 0 |
_a230/.20904 _222 |
| 100 | 1 |
_aKerr, Fergus. _9507 |
|
| 245 | 1 | 0 |
_aTwentieth-century Catholic theologians : _bfrom neoscholasticism to nuptial mysticism / _cFergus Kerr. |
| 260 |
_aOxford, OX ; _aMalden, MA : _bBlackwell Pub., _c2007. |
||
| 300 |
_aix, 230 p. ; _c24 cm. |
||
| 504 | _aIncludes bibliographical references and index. | ||
| 505 | 0 | _aBefore Vatican II -- Marie-Dominique Chenu -- Yves Congar -- Edward Schillebeeckx -- Henri de Lubac -- Karl Rahner -- Bernard Lonergan -- Hans Urs von Balthasar -- Hans Küng -- Karol Wojtyla -- Joseph Ratzinger -- After Vatican II. | |
| 610 | 2 | 0 |
_aCatholic Church _xDoctrines _xHistory _y20th century. _9508 |
| 650 | 0 |
_aTheologians. _9509 |
|
| 856 | 4 | 1 |
_3Table of contents only _uhttp://www.loc.gov/catdir/toc/ecip068/2006004748.html |
| 942 |
_2lcc _cMONOGRAPH _01 |
||
| 948 | 1 |
_a20070313 _bc _crf4 _dMPS |
|
| 999 |
_c117866 _d117866 |
||